| 000 | 00870cam a22002893a 4500 | ||
|---|---|---|---|
| 001 | 16043 | ||
| 003 | PGUSA | ||
| 005 | 20140828083337.0 | ||
| 008 | 050612s2005||||xxu|||||s|||||000 | eng d | ||
| 040 |
_aPGUSA _beng |
||
| 042 | _adc | ||
| 050 | 4 | _aGR | |
| 100 | 1 |
_aDavis, F. Hadland _q(Frederick Hadland) |
|
| 245 | 1 | 0 |
_aMythen and Legenden van Japan _h[electronic resource] / _cF. Hadland Davis |
| 260 |
_bProject Gutenberg, _c2005 |
||
| 500 | _aTranslation of Myths and legends of Japan | ||
| 506 | _aPublic domain in the USA. | ||
| 516 | _aElectronic text | ||
| 653 | _aFolklore -- Japan | ||
| 653 | _aLegends -- Japan | ||
| 653 | _aMythology, Japanese | ||
| 700 | 1 |
_aPaul, Evelyn, _d1883-1963 |
|
| 700 | 1 |
_aGoudsmit, Boudewijn Casper, _d1849-1915 |
|
| 830 | 0 |
_aProject Gutenberg _v16043 |
|
| 856 | 4 | 0 | _uhttp://www.gutenberg.org/ebooks/16043 |
| 942 | _cEB | ||
| 999 |
_c245298 _d245298 |
||